|
|
|
|
| LEADER |
00000cam a2200000 a 4500 |
| 001 |
021481 |
| 003 |
AR-BeUNQ |
| 005 |
20250214144302.0 |
| 007 |
ta |
| 008 |
100224s2009 sp g 000 fdspa d |
| 999 |
|
|
|c 20910
|d 96297
|
| 020 |
|
|
|a 9788433966735
|
| 040 |
|
|
|a AR-BeUNQ
|b spa
|c AR-BeUNQ
|e aacr
|
| 082 |
0 |
4 |
|a M 863
|2 21
|
| 100 |
1 |
|
|a Bolaño, Roberto,
|d 1953-2003
|9 4074
|
| 245 |
1 |
0 |
|a Estrella distante /
|c Roberto Bolaño.
|
| 250 |
|
|
|a 7a ed. en Compactos.
|
| 260 |
|
|
|a Barcelona :
|b Anagrama,
|c 2009.
|
| 300 |
|
|
|a 157 p. ;
|c 21 cm.
|
| 490 |
1 |
|
|a Compactos ;
|
| 594 |
|
|
|a LICENCIATURA EN COMUNICACION SOCIAL
|
| 595 |
|
|
|a LITERATURA Y SOCIEDAD EN AMERICA LATINA CONTEMPORANEA
|d 2016
|
| 650 |
|
7 |
|a Literatura (Arte)
|2 spines
|
| 650 |
|
7 |
|a Narrativa
|2 ttll
|
| 650 |
|
7 |
|a Novelas
|2 ttll
|
| 650 |
|
7 |
|a Literatura hispanoamericana
|2 ttll
|
| 651 |
|
7 |
|a Chile
|2 spines
|
| 830 |
|
|
|a Compactos (Anagrama)
|v 242
|9 91
|
| 929 |
|
|
|a DONACION
|b Margarita Pierini
|d 0
|e 20100309
|f PAT0033574
|g 1500 Exp.827-0387/98
|j 44558
|
| 929 |
|
|
|a COMPRA
|b Proeme S. L.
|c Exp. 827-0365/10
|d 38,00
|e 20110114
|f PAT0036613
|j 45856
|
| 929 |
|
|
|a COMPRA
|b Proeme S. L.
|c Exp. 827-0365/10
|d 38,00
|e 20110114
|f PAT0036614
|j 45857
|
| 929 |
|
|
|a COMPRA
|b Proeme S. L.
|c Exp. 827-0365/10
|d 38,00
|e 20110114
|f PAT0036615
|j 45858
|
| 929 |
|
|
|a COMPRA
|b Proeme S. L.
|c Exp. 827-0365/10
|d 38,00
|e 20110114
|f PAT0036616
|j 45859
|
| 929 |
|
|
|a DONACION
|b Proveniente de: Margarita Pierini
|d 0
|e 20121226
|f PAT0046761
|g P199
|j 48686
|
| 942 |
|
|
|c LIB
|n 0
|